000 01194nam a22003257a 4500
003 CHAP
005 20220329134253.0
008 971013s1979 r 00010 d
010 _a17910
011 _a18882
035 _a22967
040 _cCHAP
090 _aTesis
100 0 0 _aJuárez Betancourt, Mario.
_962386
245 _aEstudio funcional del mercado de abastos y su contribución al mercadeo de los productos agrícolas (área metropolitana de Monterrey, N.L.
260 _a(Monterrey, N.L.) :
_bEl autor,
_c1979
300 _a113 h.
_b: ilus. ; gráfs
502 _aTesis (Ing. Agrónomo Administrador) -- ITESM. Div. de Ciencias Agropecuarias y Marítimas
590 _aALEPH
_b10
_c20130110
_lUCH01
_h1241
590 _aBATCH-UPD
_b10
_c20130110
_lUCH01
_h0140
590 _aBATCH-UPD
_b10
_c20130110
_lUCH01
_h2324
590 _aBATCH-UPD
_b10
_c20130409
_lUCH01
_h2138
590 _aBATCH-UPD
_b10
_c20130410
_lUCH01
_h1614
590 _aBATCH-UPD
_b10
_c20130914
_lUCH01
_h1706
590 _aCONVERSION
_b10
_c20130109
_lUCH01
_h1311
650 1 4 _aProductos agrícolas
_xMercadeo
_xNuevo León.
_991983
901 _aBK
942 _cTESIS
949 _bBC
_cTES
_d-53575
_eTS1
_i22967
_si
999 _c17910
_d17910